[Event "Iberoamerican-ch Rapid"]
[Site "Sant Boi"]
[Date "2023.12.09"]
[Round "3"]
[White "Munoz Pantoja, Miguel Angel"]
[Black "Esplugas Esteve, Vicenc"]
[Result "1-0"]
[WhiteElo "2340"]
[BlackElo "2348"]
[PlyCount "69"]
[EventDate "2023.12.09"]
[EventType "swiss (rapid)"]
[EventRounds "9"]
[EventCountry "ESP"]
[SourceTitle "CB50_2023"]
[SourceDate "2023.12.13"]
[SourceVersion "1"]
[SourceVersionDate "2023.12.13"]
[SourceQuality "1"]

1. e4 e6 2. g3 d5 3. Bg2 dxe4 4. Bxe4 Nf6 5. Bg2 e5 6. Nc3 Bg4 7. Nge2 c6 8. h3 Be6 9. d4 exd4 10. Nxd4 Bc4 11. Bf1 Bxf1 12. Kxf1 Be7 13. Nf5 Qxd1+ 14. Nxd1 Bf8 15. Kg2 g6 16. Re1+ Kd8 17. Bg5 Nbd7 18. Nfe3 h6 19. Bxf6+ Nxf6 20. Nc4 Kc7 21. Nc3 Bb4 22. a3 Bc5 23. b4 Bf8 24. Re3 Re8 25. Rae1 Rxe3 26. Rxe3 Kd8 27. Rd3+ Ke8 28. Na5 c5 29. b5 c4 30. Nxc4 Be7 31. Na4 Nd7 32. Na5 Kd8 33. b6 a6 34. Nxb7+ Kc8 35. Na5 1-0

[Event "Pobla de Lillet op 32nd"]
[Site "La Pobla de Lillet"]
[Date "2023.08.06"]
[Round "5"]
[White "Esplugas Esteve, Vicenc"]
[Black "Valenzuela Gomez, Fernando Alberto"]
[Result "0-1"]
[WhiteElo "2332"]
[BlackElo "2393"]
[PlyCount "92"]
[EventDate "2023.08.02"]
[EventType "swiss"]
[EventRounds "9"]
[EventCountry "ESP"]
[SourceTitle "CBM 215 Extra"]
[Source "ChessBase"]
[SourceDate "2023.09.30"]
[SourceVersion "1"]
[SourceVersionDate "2023.09.30"]
[SourceQuality "1"]

1. d4 Nf6 2. c4 e6 3. Nc3 Bb4 4. f3 0-0 5. a3 Bxc3+ 6. bxc3 c5 7. e4 Ne8 8. f4 Nf6 9. e5 Ne4 10. Bd3 d5 11. Qf3 Qa5 12. Ne2 cxd4 13. 0-0 dxc3 14. Bxe4 dxe4 15. Qxc3 Nc6 16. Be3 b6 17. Rfd1 Ba6 18. Qc2 Ne7 19. Qxe4 Qa4 20. Rac1 Rac8 21. Nc3 Rxc4 22. Rd4 Rxd4 23. Bxd4 Qxa3 24. Qe1 Qb4 25. Be3 Bb7 26. Ra1 Nc6 27. Rb1 Qc4 28. Nb5 Ba8 29. Nd6 Qc2 30. Rc1 Qg6 31. Qe2 Ne7 32. h4 Nd5 33. f5 exf5 34. Bd2 f4 35. h5 Qe6 36. Rf1 f6 37. h6 fxe5 38. hxg7 Kxg7 39. Nc4 e4 40. Bc1 Kg8 41. Bb2 f3 42. Qd2 e3 43. Qd4 f2+ 44. Kh2 Qh6+ 45. Kg3 Qg5+ 46. Kh2 Qf4+ 0-1

[Event "El Vendrell op 3rd"]
[Site "El Vendrell"]
[Date "2023.07.15"]
[Round "6"]
[White "Ano Tafalla, Santiago"]
[Black "Esplugas Esteve, Vicenc"]
[Result "0-1"]
[WhiteElo "2092"]
[BlackElo "2248"]
[PlyCount "70"]
[EventDate "2023.07.15"]
[EventType "swiss (rapid)"]
[EventRounds "9"]
[EventCountry "ESP"]
[SourceTitle "CBM 215 Extra"]
[Source "ChessBase"]
[SourceDate "2023.09.30"]
[SourceVersion "1"]
[SourceVersionDate "2023.09.30"]
[SourceQuality "1"]

1. d4 e6 2. c4 b6 3. e3 Bb7 4. Nf3 Nf6 5. Bd3 Bb4+ 6. Bd2 Bxd2+ 7. Nbxd2 d6 8. e4 Nbd7 9. 0-0 e5 10. d5 a5 11. Bc2 0-0 12. a3 Bc8 13. b4 Nh5 14. Nxe5 Nxe5 15. f4 Ng4 16. h3 Ne3 17. Qxh5 Nxc2 18. Rac1 Nxa3 19. bxa5 Rxa5 20. e5 c6 21. f5 f6 22. e6 cxd5 23. cxd5 Rxd5 24. Qe2 Qe7 25. Rc6 b5 26. Rfc1 Rc5 27. Ne4 Rxc1+ 28. Rxc1 Nc4 29. Nd2 d5 30. Nb3 Qa3 31. Rb1 Qa7+ 32. Kh1 Qe3 33. Qd1 d4 34. Nxd4 Bb7 35. Rxb5 Qxh3+ 0-1

[Event "Sant Miquel Olerdola op 14th"]
[Site "Sant Miquel Olerdola"]
[Date "2023.06.02"]
[Round "8"]
[White "Vilella Bertran, Joan"]
[Black "Esplugas Esteve, Vicenc"]
[Result "0-1"]
[WhiteElo "1957"]
[BlackElo "2341"]
[PlyCount "91"]
[EventDate "2023.04.14"]
[EventType "swiss"]
[EventRounds "8"]
[EventCountry "ESP"]
[SourceTitle "EXT 2024"]
[Source "ChessBase"]
[SourceDate "2023.10.10"]
[SourceVersion "1"]
[SourceVersionDate "2023.10.10"]
[SourceQuality "1"]

1. Nf3 Nf6 2. c4 e6 3. b3 d5 4. Bb2 c5 5. e3 Nc6 6. cxd5 exd5 7. Bb5 Bd6 8. Bxc6+ bxc6 9. Ne5 0-0 10. 0-0 Qb6 11. d3 Re8 12. f4 c4 13. d4 Ne4 14. Nc3 Nxc3 15. Bxc3 f6 16. Qh5 Be6 17. f5 Bxe5 18. fxe6 Bd6 19. bxc4 Qd8 20. Qf7+ Kh8 21. Qd7 Qxd7 22. exd7 Re7 23. Ba5 Rxd7 24. cxd5 cxd5 25. Rfc1 h5 26. Rc6 Re8 27. Kf2 Kh7 28. Rac1 Ree7 29. a4 Kg6 30. g3 Kf5 31. Kf3 g5 32. Rxd6 Rxd6 33. Bb4 Red7 34. Bxd6 Rxd6 35. a5 Rd7 36. h3 g4+ 37. hxg4+ hxg4+ 38. Ke2 Rh7 39. Rf1+ Ke6 40. Rf2 Rh1 41. Rf1 Rxf1 42. Kxf1 Kd6 43. Ke2 Kc6 44. Kd3 f5 45. Kc3 Kb5 46. Kb3 0-1

[Event "Sant Miquel Olerdola op 14th"]
[Site "Sant Miquel Olerdola"]
[Date "2023.04.21"]
[Round "2"]
[White "Esplugas Esteve, Vicenc"]
[Black "Oropeza Brito, David Arturo"]
[Result "1-0"]
[WhiteElo "2341"]
[BlackElo "1758"]
[PlyCount "39"]
[EventDate "2023.04.14"]
[EventType "swiss"]
[EventRounds "8"]
[EventCountry "ESP"]
[SourceTitle "EXT 2024"]
[Source "ChessBase"]
[SourceDate "2023.10.10"]
[SourceVersion "1"]
[SourceVersionDate "2023.10.10"]
[SourceQuality "1"]

1. d4 Nf6 2. c4 e6 3. Nc3 Bb4 4. f3 c5 5. d5 b5 6. e4 bxc4 7. Bxc4 Ba6 8. Bxa6 Nxa6 9. Nge2 exd5 10. e5 d4 11. a3 Bxc3+ 12. bxc3 Nd5 13. cxd4 0-0 14. 0-0 cxd4 15. Nxd4 Qb6 16. Kh1 Nc5 17. Nf5 Nc3 18. Qd4 Ne2 19. Qg4 g6 20. Be3 1-0

[Event "Sant Miquel Olerdola op 14th"]
[Site "Sant Miquel Olerdola"]
[Date "2023.04.14"]
[Round "1"]
[White "Roure Sola, Oriol"]
[Black "Esplugas Esteve, Vicenc"]
[Result "0-1"]
[WhiteElo "1643"]
[BlackElo "2341"]
[PlyCount "74"]
[EventDate "2023.04.14"]
[EventType "swiss"]
[EventRounds "8"]
[EventCountry "ESP"]
[SourceTitle "EXT 2024"]
[Source "ChessBase"]
[SourceDate "2023.10.10"]
[SourceVersion "1"]
[SourceVersionDate "2023.10.10"]
[SourceQuality "1"]

1. e4 e6 2. d4 d5 3. exd5 exd5 4. Nf3 Nf6 5. Bd3 c5 6. c3 c4 7. Bc2 Bd6 8. 0-0 0-0 9. Bg5 Bg4 10. Nbd2 Nbd7 11. Re1 Qc7 12. Qb1 b5 13. Bh4 b4 14. Bg3 Bxg3 15. hxg3 Rfb8 16. Qc1 a5 17. a3 b3 18. Bd1 Re8 19. Be2 Re7 20. Bf1 Rae8 21. Rxe7 Rxe7 22. Nh2 Bf5 23. f4 Nb6 24. Ndf3 h5 25. Ne5 Ne4 26. g4 hxg4 27. Nexg4 Qd7 28. Ne5 Qe8 29. g4 Bh7 30. f5 f6 31. Nef3 Na4 32. Nd2 Nexc3 33. Nhf3 g6 34. Nh4 gxf5 35. Nxf5 Bxf5 36. gxf5 Rg7+ 37. Kf2 Qb8 0-1

[Event "Torredembarra op 22nd"]
[Site "Torredembarra"]
[Date "2022.07.07"]
[Round "6"]
[White "Martinez Pla, Xavier"]
[Black "Esplugas Esteve, Vicenc"]
[Result "1/2-1/2"]
[WhiteElo "2322"]
[BlackElo "2330"]
[PlyCount "144"]
[EventDate "2022.07.02"]
[EventType "swiss"]
[EventRounds "9"]
[EventCountry "ESP"]
[SourceTitle "EXT 2023"]
[Source "ChessBase"]
[SourceDate "2022.10.05"]
[SourceVersion "1"]
[SourceVersionDate "2022.10.05"]
[SourceQuality "1"]

1. e4 e6 2. d4 d5 3. Nd2 Nf6 4. e5 Nfd7 5. Bd3 c5 6. c3 b6 7. Nh3 Ba6 8. Bxa6 Nxa6 9. 0-0 Nc7 10. Qg4 Nb8 11. Nf4 Nc6 12. Nh5 cxd4 13. cxd4 f5 14. exf6 gxf6 15. Nf3 Bd6 16. Bf4 Bxf4 17. Qxf4 Rf8 18. Rac1 Kd7 19. Rfe1 Rc8 20. Qg4 Qe7 21. Nf4 Rg8 22. Qh3 Rg7 23. Rxc6 Kxc6 24. Nxe6 Qd7 25. Nxg7 Qxh3 26. gxh3 Rg8 27. Re7 Kd6 28. Rf7 Ne8 29. Rxa7 Nxg7 30. Kf1 Ne6 31. Rb7 Kc6 32. Rxh7 Ra8 33. a3 Ra4 34. Rh6 Kb5 35. Rxf6 Nxd4 36. Nxd4+ Rxd4 37. Ke2 Rh4 38. Rf3 Kc4 39. Rg3 Rh5 40. Rg4+ d4 41. Rg3 Re5+ 42. Kd2 Rf5 43. b3+ Kd5 44. Kd3 Rxf2 45. Rg5+ Kc6 46. Kxd4 Rd2+ 47. Kc4 Rxh2 48. Rg6+ Kc7 49. Rh6 Ra2 50. a4 Rb2 51. h4 Rb1 52. h5 Rc1+ 53. Kb4 Rc5 54. Rh8 Kb7 55. h6 Rc6 56. Rh7+ Ka6 57. Rh8 Kb7 58. Ka3 Rc2 59. b4 Rc3+ 60. Kb2 Rh3 61. Kc2 Ka7 62. Rh7+ Kb8 63. Kb2 Ka8 64. a5 bxa5 65. bxa5 Rh5 66. a6 Ra5 67. a7 Ra6 68. Kc3 Rc6+ 69. Kd4 Rb6 70. Rh8+ Kxa7 71. Ke5 Rb5+ 72. Kf6 Ra5 1/2-1/2

[Event "Sitges Sunway 7th"]
[Site "Sitges"]
[Date "2020.12.16"]
[Round "4"]
[White "Lagarde, Maxime"]
[Black "Esplugas Esteve, Vicenc"]
[Result "1-0"]
[WhiteElo "2651"]
[BlackElo "2319"]
[PlyCount "85"]
[EventDate "2020.12.13"]
[EventType "swiss"]
[EventRounds "10"]
[EventCountry "ESP"]
[SourceTitle "CBM 199 Extra"]
[Source "ChessBase"]
[SourceDate "2021.01.31"]
[SourceVersion "1"]
[SourceVersionDate "2021.01.31"]
[SourceQuality "1"]

1. e4 e6 2. d4 d5 3. Nc3 Bb4 4. Nge2 dxe4 5. a3 Bxc3+ 6. Nxc3 Nc6 7. Bb5 Nge7 8. Bg5 f6 9. Be3 0-0 10. Qd2 f5 11. f3 a6 12. Bxc6 Nxc6 13. fxe4 e5 14. d5 Na5 15. b3 Qd6 16. Qd3 b6 17. Bc1 Qg6 18. Qg3 f4 19. Qxg6 hxg6 20. Bb2 Bd7 21. 0-0-0 Nb7 22. Na2 Rae8 23. Nb4 Nc5 24. Nd3 Bg4 25. Nxc5 Bxd1 26. Nd7 Bh5 27. Nxf8 Kxf8 28. h4 Bg4 29. c4 Ke7 30. Kd2 Kd6 31. b4 c5 32. Bc3 b5 33. a4 f3 34. gxf3 Bxf3 35. Ra1 bxc4 36. Ke3 Bg4 37. b5 Ra8 38. bxa6 Rxa6 39. a5 Bd7 40. Rb1 Ke7 41. Rb6 Rxb6 42. axb6 Kd6 43. Bxe5+ 1-0

[Event "Catalunya-chT Gp2"]
[Site "Barcelona"]
[Date "2020.02.29"]
[Round "7.3"]
[White "Dominguez Pons, Eric"]
[Black "Esplugas Esteve, Vicenc"]
[Result "1/2-1/2"]
[WhiteElo "2374"]
[BlackElo "2338"]
[PlyCount "30"]
[EventDate "2020.01.18"]
[EventType "team-tourn"]
[EventRounds "7"]
[EventCountry "ESP"]
[SourceTitle "CBM 195 Extra"]
[Source "ChessBase"]
[SourceDate "2020.05.31"]
[SourceVersion "1"]
[SourceVersionDate "2020.05.31"]
[SourceQuality "1"]
[WhiteTeam "Sant Andreu"]
[BlackTeam "Valls"]
[WhiteTeamCountry "ESP"]
[BlackTeamCountry "ESP"]

1. e4 e6 2. Nc3 d5 3. d4 Nf6 4. Bg5 dxe4 5. Nxe4 Be7 6. Nxf6+ Bxf6 7. Bxf6 Qxf6 8. Nf3 c5 9. Bb5+ Bd7 10. Bxd7+ Nxd7 11. 0-0 0-0 12. c3 Rfd8 13. Qe2 cxd4 14. Nxd4 Nc5 15. Rfd1 a6 1/2-1/2

[Event "Catalunya-chT Gp2"]
[Site "Barcelona"]
[Date "2020.01.18"]
[Round "1.5"]
[White "Esplugas Esteve, Vicenc"]
[Black "Serra Pages, Jordi"]
[Result "1-0"]
[WhiteElo "2338"]
[BlackElo "2240"]
[PlyCount "73"]
[EventDate "2020.01.18"]
[EventType "team-tourn"]
[EventRounds "7"]
[EventCountry "ESP"]
[SourceTitle "CBM 194 Extra"]
[Source "ChessBase"]
[SourceDate "2020.03.31"]
[SourceVersion "1"]
[SourceVersionDate "2020.03.31"]
[SourceQuality "1"]
[WhiteTeam "Valls"]
[BlackTeam "Figueres"]
[WhiteTeamCountry "ESP"]
[BlackTeamCountry "ESP"]

1. d4 Nf6 2. c4 e6 3. Nc3 d5 4. cxd5 exd5 5. Bg5 c6 6. Qc2 h6 7. Bh4 Be7 8. e3 0-0 9. Bd3 Re8 10. Nge2 Ne4 11. Bxe7 Qxe7 12. 0-0 Nd7 13. Bxe4 dxe4 14. d5 Nf6 15. dxc6 bxc6 16. Rfd1 Qe5 17. Qd2 Ba6 18. Qd6 Bxe2 19. Qxe5 Rxe5 20. Nxe2 Rb5 21. b3 Nd5 22. Rd4 Rb4 23. Rc1 a5 24. Rcc4 Rxc4 25. Rxc4 Nb4 26. a3 Nd3 27. Rxc6 Rb8 28. Nd4 g6 29. h3 Kg7 30. g4 Rb7 31. Kg2 Rd7 32. Rb6 Rd5 33. Rb5 Rxb5 34. Nxb5 Kf6 35. Nd6 Nc5 36. b4 axb4 37. axb4 1-0

[Event "Sitges Sunway op 6th"]
[Site "Sitges"]
[Date "2019.12.20"]
[Round "8"]
[White "Esplugas Esteve, Vicenc"]
[Black "Zhukenov, Aituar"]
[Result "1/2-1/2"]
[WhiteElo "2366"]
[BlackElo "2127"]
[PlyCount "97"]
[EventDate "2019.12.13"]
[EventType "swiss"]
[EventRounds "10"]
[EventCountry "ESP"]
[SourceTitle "CBM 193 Extra"]
[Source "ChessBase"]
[SourceDate "2020.01.31"]
[SourceVersion "1"]
[SourceVersionDate "2020.01.31"]
[SourceQuality "1"]

1. d4 d5 2. c4 c6 3. Nc3 dxc4 4. e3 b5 5. a4 b4 6. Ne4 Nf6 7. Nxf6+ exf6 8. Bxc4 Bd6 9. Nf3 0-0 10. 0-0 Nd7 11. Qc2 c5 12. Rd1 Bb7 13. b3 Bxf3 14. gxf3 cxd4 15. f4 Bc5 16. Bb2 Qc8 17. Rac1 dxe3 18. Qf5 exf2+ 19. Kg2 Nb6 20. Qxc8 Raxc8 21. Ba6 Be3 22. Rxc8 Nxc8 23. Bc1 Bb6 24. Bd2 Rd8 25. Rc1 Rxd2 26. Rxc8+ Rd8 27. Rxd8+ Bxd8 28. Kxf2 Kf8 29. f5 Ke7 30. Kf3 h5 31. h3 Kd6 32. Ke4 Bb6 33. Bc4 Ke7 34. Be2 g6 35. Bc4 Bc7 36. Bd3 Kf8 37. Bc4 Kg7 38. Bd5 Be5 39. Bc4 Bc7 40. Bd5 g5 41. Kf3 Be5 42. Bc4 Kf8 43. Be2 Kg7 44. Bc4 Bb8 45. Bd5 a5 46. Bc4 Bc7 47. Bd5 g4+ 48. hxg4 h4 49. Kg2 1/2-1/2

[Event "Sitges Sunway op 6th"]
[Site "Sitges"]
[Date "2019.12.16"]
[Round "4"]
[White "Esplugas Esteve, Vicenc"]
[Black "Sindarov, Javokhir"]
[Result "0-1"]
[WhiteElo "2366"]
[BlackElo "2526"]
[PlyCount "80"]
[EventDate "2019.12.13"]
[EventType "swiss"]
[EventRounds "10"]
[EventCountry "ESP"]
[SourceTitle "CBM 193 Extra"]
[Source "ChessBase"]
[SourceDate "2020.01.31"]
[SourceVersion "1"]
[SourceVersionDate "2020.01.31"]
[SourceQuality "1"]

1. d4 Nf6 2. c4 g6 3. Nc3 d5 4. cxd5 Nxd5 5. e4 Nxc3 6. bxc3 Bg7 7. Bc4 0-0 8. Ne2 c5 9. 0-0 Nc6 10. Be3 Bg4 11. f3 Bd7 12. Rb1 Qc7 13. Bd3 Rad8 14. Qd2 Bc8 15. Rfc1 b6 16. d5 Ne5 17. c4 e6 18. Bg5 Rd7 19. Rb3 exd5 20. cxd5 c4 21. Kh1 Ba6 22. Bf4 Rc8 23. Rbc3 Qd8 24. Bb1 Nd3 25. Bxd3 Bxc3 26. Rxc3 cxd3 27. Nd4 Rxc3 28. Qxc3 Qf6 29. g3 g5 30. Bb8 Rd8 31. e5 Qg6 32. Nc6 Qxc6 33. Qxc6 d2 34. Qc2 Rxd5 35. Qd1 Be2 36. Qxe2 d1Q+ 37. Qxd1 Rxd1+ 38. Kg2 Rd2+ 39. Kh3 Rxa2 40. Kg4 b5 0-1

[Event "Sitges Sunway op 6th"]
[Site "Sitges"]
[Date "2019.12.14"]
[Round "2"]
[White "Esplugas Esteve, Vicenc"]
[Black "Harutyunian, Tigran K"]
[Result "1-0"]
[WhiteElo "2366"]
[BlackElo "2540"]
[PlyCount "107"]
[EventDate "2019.12.13"]
[EventType "swiss"]
[EventRounds "10"]
[EventCountry "ESP"]
[SourceTitle "CBM 193 Extra"]
[Source "ChessBase"]
[SourceDate "2020.01.31"]
[SourceVersion "1"]
[SourceVersionDate "2020.01.31"]
[SourceQuality "1"]

1. d4 Nf6 2. c4 g6 3. Nc3 d5 4. cxd5 Nxd5 5. e4 Nxc3 6. bxc3 Bg7 7. Bc4 c5 8. Ne2 Nc6 9. Be3 0-0 10. 0-0 b6 11. Rc1 Bb7 12. Bb5 Qc7 13. d5 Rad8 14. c4 e6 15. Bxc6 Bxc6 16. Qb3 exd5 17. cxd5 Bb7 18. Rfd1 Qe7 19. f3 Kh8 20. Nf4 Bc8 21. Re1 Qh4 22. g3 Qe7 23. Kg2 Qd7 24. h4 Be5 25. Rh1 Rde8 26. Nd3 h5 27. Nxe5 Rxe5 28. Bh6 Rfe8 29. Qb2 Kh7 30. f4 Qg4 31. fxe5 Qxe4+ 32. Kh2 Kxh6 33. Qd2+ Kg7 34. Rhe1 Qf5 35. Qf4 Qh3+ 36. Kg1 Bb7 37. Rcd1 Rd8 38. Rf1 Qf5 39. Qxf5 gxf5 40. d6 Be4 41. Kf2 Kf8 42. Ke3 Ke8 43. Rf4 Kd7 44. Rxe4 fxe4 45. Rf1 Kc6 46. Rxf7 Rd7 47. Rxd7 Kxd7 48. g4 hxg4 49. h5 c4 50. h6 c3 51. h7 c2 52. Kd2 e3+ 53. Kxc2 e2 54. Kd2 1-0

[Event "Barcelona Martorell-ch 37th"]
[Site "Barcelona"]
[Date "2019.11.16"]
[Round "9"]
[White "Avila Jimenez, Xavier"]
[Black "Esplugas Esteve, Vicenc"]
[Result "0-1"]
[WhiteElo "2200"]
[BlackElo "2372"]
[PlyCount "70"]
[EventDate "2019.09.14"]
[EventType "swiss"]
[EventRounds "9"]
[EventCountry "ESP"]
[SourceTitle "CBM 193 Extra"]
[Source "ChessBase"]
[SourceDate "2020.01.31"]
[SourceVersion "1"]
[SourceVersionDate "2020.01.31"]
[SourceQuality "1"]

1. d4 e6 2. c4 Nf6 3. Nc3 Bb4 4. f3 c5 5. d5 b5 6. e4 0-0 7. a3 Bxc3+ 8. bxc3 Qa5 9. Bd2 bxc4 10. dxe6 fxe6 11. Bxc4 Nc6 12. Be2 d5 13. c4 Qd8 14. Be3 d4 15. Bg5 h6 16. Bh4 Rb8 17. Nh3 Qa5+ 18. Qd2 Qxd2+ 19. Kxd2 Rb2+ 20. Ke1 Nd7 21. Nf2 Ba6 22. Nd3 Rb3 23. Nc1 Rb7 24. Bg3 Na5 25. Bd6 Rc8 26. Nd3 Rc6 27. e5 Nxc4 28. f4 Nxd6 29. Bf3 Rcb6 30. exd6 Bxd3 31. Bxb7 Rxb7 32. Kf2 c4 33. Rhd1 Kf7 34. Kf3 Nc5 35. Rac1 Rb3 0-1

[Event "Barcelona Martorell-ch 37th"]
[Site "Barcelona"]
[Date "2019.10.05"]
[Round "4"]
[White "Esplugas Esteve, Vicenc"]
[Black "Boyer Censore, Giuseppe Enmanuel"]
[Result "1-0"]
[WhiteElo "2372"]
[BlackElo "2075"]
[PlyCount "93"]
[EventDate "2019.09.14"]
[EventType "swiss"]
[EventRounds "9"]
[EventCountry "ESP"]
[SourceTitle "CBM 193 Extra"]
[Source "ChessBase"]
[SourceDate "2020.01.31"]
[SourceVersion "1"]
[SourceVersionDate "2020.01.31"]
[SourceQuality "1"]

1. d4 f5 2. Nf3 Nf6 3. g3 g6 4. Bg2 Bg7 5. 0-0 0-0 6. b3 Ne4 7. Bb2 e6 8. Nbd2 b6 9. Nxe4 fxe4 10. Nd2 d5 11. c4 Nc6 12. e3 Qe7 13. a3 a5 14. Qc2 Bb7 15. Rac1 Rf7 16. Nb1 Raf8 17. Nc3 Nd8 18. Qd2 g5 19. b4 axb4 20. axb4 g4 21. b5 Rf5 22. Ra1 R8f6 23. Qd1 Rg6 24. Ne2 Bh6 25. Ra7 Qg7 26. Qc2 Rgf6 27. c5 Rf8 28. Nf4 Re8 29. Ba3 Bg5 30. c6 Bc8 31. Bd6 cxd6 32. Rxg7+ Kxg7 33. Ra1 Rf7 34. Ra8 Rc7 35. Ne2 Bf6 36. Nc3 Kf7 37. Na4 e5 38. Rxc8 Rxc8 39. Nxb6 Ne6 40. Nxc8 Rxc8 41. dxe5 Bxe5 42. b6 Nc5 43. Qa2 Ke6 44. b7 Rf8 45. Bxe4 Nxe4 46. c7 Ng5 47. c8Q+ 1-0

[Event "Barcelona Martorell-ch 37th"]
[Site "Barcelona"]
[Date "2019.09.14"]
[Round "1"]
[White "Duran Montero, Manuel"]
[Black "Esplugas Esteve, Vicenc"]
[Result "0-1"]
[WhiteElo "2000"]
[BlackElo "2372"]
[PlyCount "44"]
[EventDate "2019.09.14"]
[EventType "swiss"]
[EventRounds "9"]
[EventCountry "ESP"]
[SourceTitle "CBM 193 Extra"]
[Source "ChessBase"]
[SourceDate "2020.01.31"]
[SourceVersion "1"]
[SourceVersionDate "2020.01.31"]
[SourceQuality "1"]

1. e4 e6 2. d4 d5 3. Nc3 Nf6 4. Bg5 dxe4 5. Nxe4 Be7 6. Bxf6 gxf6 7. Nf3 f5 8. Nc3 a6 9. Bd3 b5 10. 0-0 Bb7 11. Qe2 Qd6 12. Rad1 b4 13. Nb1 Nd7 14. Rfe1 Rg8 15. Nbd2 c5 16. Nb3 Qf4 17. Nbd2 cxd4 18. g3 Bf6 19. Kf1 Qg4 20. Kg1 h5 21. Kg2 Ne5 22. h3 Qf4 0-1